000 03595nam a2200361 i 4500
001 CR9780511780066
003 UkCbUP
005 20250131171212.0
006 m|||||o||d||||||||
007 cr||||||||||||
008 141103s2010||||enk o ||1 0|eng|d
020 _a9780511780066 (ebook)
020 _z9780521769693 (hardback)
020 _z9781107425255 (paperback)
040 _aKO
_beng
041 0 _aeng
082 0 0 _a532/.050285
_222
100 1 _aChung, T. J.,
_d1929-
_eauthor.
245 1 0 _aComputational fluid dynamics /
_cT.J. Chung.
250 _aSecond edition.
264 1 _aCambridge :
_bCambridge University Press,
_c2010.
300 _a1 online resource (1034 pages) :
_bdigital, PDF file(s).
338 _aonline resource
500 _aTitle from publisher's bibliographic system (viewed on 05 Oct 2015).
505 8 _aMachine generated contents note: Part I. Preliminaries: 1. Introduction; 2. Governing equations; Part II. Finite Difference Methods: 3. Derivation of finite difference equations; 4. Solution methods of finite difference equations; 5. Incompressible viscous flows via finite difference methods; 6. Compressible flows via finite difference methods; 7. Finite volume methods via finite difference methods; Part III. Finite Element Methods: 8. Introduction to finite element methods; 9. Finite element interpolation functions; 10. Linear problems; 11. Nonlinear problems/convection-dominated flows; 12. Incompressible viscous flows via finite element methods; 13. Compressible flows via finite element methods; 14. Miscellaneous weighted residual methods; 15. Finite volume methods via finite element methods; 16. Relationships between finite differences and finite elements and other methods; Part IV. Automatic Grid Generation, Adaptive Methods and Computing Techniques: 17. Structured grid generation; 18. Unstructured grid generation; 19. Adaptive methods; 20. Computing techniques; Part V. Applications: 21. Applications to turbulence; 22. Applications to chemically reactive flows and combustion; 23. Applications to acoustics; 24. Applications to combined mode radiative heat transfer; 25. Applications to multiphase flows; 26. Applications to electromagnetic flows; 27. Applications to relativistic astrophysical flows; Appendices.
520 _aThe second edition of Computational Fluid Dynamics represents a significant improvement from the first edition. However, the original idea of including all computational fluid dynamics methods (FDM, FEM, FVM); all mesh generation schemes; and physical applications to turbulence, combustion, acoustics, radiative heat transfer, multiphase flow, electromagnetic flow, and general relativity is still maintained. The second edition includes a new section on preconditioning for EBE-GMRES and a complete revision of the section on flowfield-dependent variation methods, which demonstrates more detailed computational processes and includes additional example problems. For those instructors desiring a textbook that contains homework assignments, a variety of problems for FDM, FEM and FVM are included in an appendix. To facilitate students and practitioners intending to develop a large-scale computer code, an example of FORTRAN code capable of solving compressible, incompressible, viscous, inviscid, 1D, 2D and 3D for all speed regimes using the flowfield-dependent variation method is made available.
650 0 _aComputational fluid dynamics.
856 4 0 _uhttps://doi.org/10.1017/CBO9780511780066
904 _aRUDRA_R
905 _aR_RANJAN
942 _2ddc
_cEB
999 _c3303
_d3303